000 00624cam a2200193 4500500
005 20260405004102.0
041 _afre
042 _adc
100 1 0 _aBruckner, Pascal
_eauthor
245 0 0 _aLe sapin et le palmier vus Pascal Bruckner
260 _c2022.
500 _a71
690 _aAndré Gide
690 _aArbre
690 _aÉcologie
690 _aVégétal
786 0 _nPhilosophie magazine - Hors séries | Hors-série - Pritemps-été 2022 | HS53 | 2022-04-01 | p. 26-26 | 2104-9246
856 4 1 _uhttps://shs.cairn.info/magazine-philosophie-magazine-2022-3-6-page-26?lang=fr&redirect-ssocas=7080
999 _c2073585
_d2073585